000 00481nam a2200193Ia 4500
003 OSt
005 20240610153739.0
008 210210b1970 xxu||||| |||| 00| 0 eng d
040 _cAL
041 _aHindi
082 _aH891.3 BADA
100 _aBALSHARM
_d बालशर्मा
_9169918
245 _aAtity
_bअतिथि
260 _aNayi Dilli
_bAcadamic Publishers
_c1970
300 _a135
690 _aHindi Fiction
_9169919
906 _a029274
942 _2ddc
_cBK
999 _c80495
_d80495